LDR 00956naa#a2200181#i#450# 001 RU\INFRA-M\bibl\105969 005 20260703225028.5 011 ## _a2500-3305 100 ## _a20250830b2025####ek#y0rusy0150####ca 102 ## _aRU 200 1# _aРеализация воспитательного потенциала коллективных творческих дел обучающихся начальной школы _eЖурнальная статья 210 1# _aМосква _cОбщество с ограниченной ответственностью «Научно-издательский центр ИНФРА-М» _d2025 215 ## _a6 с. 608 ## _aЖурнальная статья _2local 675 ## _aВоспитание чувства взаимопомощи, товарищества, дружбы и коллективизма. 37.035.2 _z 700 #1 _aВеретенникова _gЛ. К. 700 #1 _aМиколаец _gН. А. 856 4# _anaukaru.ru _u